LEADER 01497nam a2200265 i 4500 001 000000023860 003 CaOOAMICUS 005 20190621131643.0 008 180830s1942 it u000 u ita u 040 $aSeMil$bita 240 10$aEdizione nazionale delle opere edite e inedite di Matteo Ricci.$0(OLS)http://semarc/title/32021 245 10$aFonti ricciane :$bdocumenti originali concernenti Matteo Ricci e la storia delle prime relazioni tra l'Europa e la Cina (1579-1615) /$cediti e commentati da Pasquale M. D'Elia ; sotto il patrocinio della Reale Accademia d'Italia. 260 $aRoma :$bLa Libreria dello Stato,$c1942-1949. 300 $a3 v. ;$c30 cm. 600 14$aRicci, Matteo .$0(OLS)http://semarc/subject/3746 700 1 $aRicci, Matteo .$0(OLS)http://semarc/name/90118 700 1 $aD'Elia, Pasquale Maria.$0(OLS)http://semarc/name/10619 710 2 $aReale Accademia d'Italia.$0(OLS)http://semarc/name/5755 774 0 $aRicci, Matteo $tStoria dell'introduzione del cristianesimo in Cina.$w()23861 774 0 $tDa Macao a Nanciam.$g1$w()193032 774 0 $tDa Nanciam a Pechino.$g2$w()193033 774 0 $tAppendici e indici.$g3$w()193034 996 $6245$aFonti ricciane :$bdocumenti originali concernenti Matteo Ricci e la storia delle prime relazioni tra l'Europa e la Cina (1579-1615)$9(OLS)http://semarc/title/32020 996 $6260$aRoma :$bLa Libreria dello Stato$9(OLS)http://semarc/publisher/34502 LEADER 01584nam a2200301 i 4500 001 000000225047 003 CaOOAMICUS 005 20131119000000.0 008 131119s1968 it u000 u fre u 013 $a203945 040 $aSeMil$bita 100 1 $aBonnard, Pierre <1911-2003>.$0(OLS)http://semarc/name/7668 245 10$aNotre père qui es aux cieux :$bla prière oecuménique /$cP. Bonnard, J. Dupont, F. Refoulé. 260 $aParis :$bLes Éditions du Cerf,$c1968. 260 $aParis :$bLes Bergers et les Mages,$c1968. 300 $a118 p. ;$c20 cm. 490 0 $aCahiers de la Traduction oecuménique de la Bible ;$v3 650 4$aBibbia - Commentari, studi, critica, interpretazioni.$0(OLS)http://semarc/subject/783 650 4$aBibbia - NT - Traduzioni francesi - Traduzione ecumenica.$0(OLS)http://semarc/subject/2478 650 4$aPadre Nostro - Commentari e studi.$0(OLS)http://semarc/subject/2093 700 1 $aRefoulé, Raymond François,$d<1922-1998>.$0(OLS)http://semarc/name/819 700 1 $aDupont, Jacques,$c.$0(OLS)http://semarc/name/942 830 0$aCahiers de la Traduction oecuménique de la Bible ;$v3.$0(OLS)http://semarc/title/39602 850 $aSeMil 852 $aSeMil$W1$xVenegono$y1$m2W I 256$j175393$B175393$CSeMilBibl$Z2$F185362 $81 996 $6245$aNotre père qui es aux cieux :$bla prière oecuménique$9(OLS)http://semarc/title/322419 996 $6260$aParis :$bLes Bergers et les Mages$9(OLS)http://semarc/publisher/33049 996 $6260$aParis :$bLes Éditions du Cerf$9(OLS)http://semarc/publisher/29611